| 000 | 00425nab#a2200169#c#4500 | ||
|---|---|---|---|
| 999 |
_c87917 _d87917 |
||
| 003 | IEF | ||
| 005 | 20191211123114.0 | ||
| 008 | 950704s1975 uuu|| #####0 b| |u | ||
| 040 |
_aIEF _cES-MaIEF |
||
| 245 |
_aSociología financiera _b [Editorial] |
||
| 260 | _c1975 | ||
| 650 | 4 |
_aSOCIOLOGIA FINANCIERA _948474 |
|
| 773 | 0 |
_tEn: Hacienda Pública Española _gn. 34, p. 3-15 |
|
| 942 | _2udc | ||
| 942 | _2udc | ||